The Butcher, the Baker, the Candlestick Maker : (Record no. 612527)

MARC details
000 -LEADER
fixed length control field 00514nam a2200181 a 4500
008 - FIXED-LENGTH DATA ELEMENTS--GENERAL INFORMATION
fixed length control field 260214s2006##################000#0#eng##
020 ## - INTERNATIONAL STANDARD BOOK NUMBER
ISBN 9780753511015
082 04 - DEWEY DECIMAL CLASSIFICATION NUMBER
Classification number 306.7092
Item number POR
100 1# - MAIN ENTRY--AUTHOR NAME
Personal name Portnoy, Suzanne,
245 10 - TITLE STATEMENT
Title The Butcher, the Baker, the Candlestick Maker :
260 ## - PUBLICATION, DISTRIBUTION, ETC. (IMPRINT)
Name of publisher Virgin Books Limited,
Year of publication 2006.
650 #0 - SUBJECT ADDED ENTRY--TOPICAL TERM
Topical Term Biography & Autobiography.
942 ## - ADDED ENTRY ELEMENTS (KOHA)
Koha item type English Books
Holdings
Withdrawn status Lost status Damaged status Not for loan Home library Current library Shelving location Date acquired Full call number Accession Number Price effective from Koha item type
        Anna Centenary Library Anna Centenary Library 3RD FLOOR, B WING 14.02.2026 306.7092 POR 338455 14.02.2026 English Books

Find us on the map